<?xml version="1.0" encoding="UTF-8"?>
<record
    xmlns:xsi="http://www.w3.org/2001/XMLSchema-instance"
    xsi:schemaLocation="http://www.loc.gov/MARC21/slim http://www.loc.gov/standards/marcxml/schema/MARC21slim.xsd"
    xmlns="http://www.loc.gov/MARC21/slim">

  <leader>00612nam a22001937a 4500</leader>
  <controlfield tag="005">20161124131313.0</controlfield>
  <controlfield tag="008">140430t        mx ||||| |||| 00| 0 spa d</controlfield>
  <datafield tag="020" ind1=" " ind2=" ">
    <subfield code="a">9786074263848</subfield>
  </datafield>
  <datafield tag="050" ind1="0" ind2="4">
    <subfield code="a">KGF2579 </subfield>
    <subfield code="b">O93 2013</subfield>
  </datafield>
  <datafield tag="100" ind1="1" ind2=" ">
    <subfield code="a">Ovalle Favela, Jos&#xE9;</subfield>
  </datafield>
  <datafield tag="245" ind1="1" ind2="0">
    <subfield code="a">Derecho procesal civil</subfield>
    <subfield code="c"> / Jos&#xE9; Ovalle Favela.</subfield>
  </datafield>
  <datafield tag="250" ind1=" " ind2=" ">
    <subfield code="a">10a ed.</subfield>
  </datafield>
  <datafield tag="260" ind1=" " ind2=" ">
    <subfield code="a">M&#xE9;xico :</subfield>
    <subfield code="b">Oxford University Press,</subfield>
    <subfield code="c">2013</subfield>
  </datafield>
  <datafield tag="300" ind1=" " ind2=" ">
    <subfield code="a">xxxiv, 494 p. :</subfield>
    <subfield code="b">il. ;</subfield>
    <subfield code="c">23 cm.</subfield>
  </datafield>
  <datafield tag="490" ind1="0" ind2=" ">
    <subfield code="a">Textos Jur&#xED;dicos Universitarios</subfield>
  </datafield>
  <datafield tag="504" ind1=" " ind2=" ">
    <subfield code="a">Bibliograf&#xED;a : p. 473 - 482 e &#xED;ndice</subfield>
  </datafield>
  <datafield tag="650" ind1=" " ind2="7">
    <subfield code="2">lemb</subfield>
    <subfield code="a">Procedimiento civil</subfield>
    <subfield code="z">M&#xE9;xico</subfield>
  </datafield>
  <datafield tag="942" ind1=" " ind2=" ">
    <subfield code="2">lcc</subfield>
    <subfield code="c">LIB</subfield>
  </datafield>
  <datafield tag="999" ind1=" " ind2=" ">
    <subfield code="c">51142</subfield>
    <subfield code="d">51142</subfield>
  </datafield>
  <datafield tag="952" ind1=" " ind2=" ">
    <subfield code="1">0</subfield>
    <subfield code="2">lcc</subfield>
    <subfield code="4">0</subfield>
    <subfield code="7">0</subfield>
    <subfield code="a">LIC-002</subfield>
    <subfield code="b">LIC-002</subfield>
    <subfield code="c">GENERAL</subfield>
    <subfield code="d">2014-04-30</subfield>
    <subfield code="f">10a ed.</subfield>
    <subfield code="h">BFD000004819</subfield>
    <subfield code="i">D</subfield>
    <subfield code="k">CSA</subfield>
    <subfield code="l">14</subfield>
    <subfield code="m">1</subfield>
    <subfield code="o">KGF2579 O93 2013 10A ED.</subfield>
    <subfield code="p">BFD000004819</subfield>
    <subfield code="r">2026-03-05 11:31:02</subfield>
    <subfield code="s">2026-03-05</subfield>
    <subfield code="t">1</subfield>
    <subfield code="y">LIB</subfield>
  </datafield>
  <datafield tag="952" ind1=" " ind2=" ">
    <subfield code="1">0</subfield>
    <subfield code="2">lcc</subfield>
    <subfield code="4">0</subfield>
    <subfield code="7">0</subfield>
    <subfield code="a">LIC-002</subfield>
    <subfield code="b">LIC-002</subfield>
    <subfield code="c">GENERAL</subfield>
    <subfield code="d">2015-07-01</subfield>
    <subfield code="e">UA-GENERICO</subfield>
    <subfield code="f">10a ed.</subfield>
    <subfield code="i">D</subfield>
    <subfield code="k">CSA</subfield>
    <subfield code="l">6</subfield>
    <subfield code="o">KGF2579 O93 2013 </subfield>
    <subfield code="p">BFD000006736</subfield>
    <subfield code="r">2026-03-02 16:37:47</subfield>
    <subfield code="s">2026-03-02</subfield>
    <subfield code="t">3</subfield>
    <subfield code="v">1.00</subfield>
    <subfield code="y">LIB</subfield>
  </datafield>
  <datafield tag="952" ind1=" " ind2=" ">
    <subfield code="1">0</subfield>
    <subfield code="2">lcc</subfield>
    <subfield code="4">0</subfield>
    <subfield code="7">0</subfield>
    <subfield code="a">LIC-002</subfield>
    <subfield code="b">LIC-002</subfield>
    <subfield code="c">GENERAL</subfield>
    <subfield code="d">2015-07-01</subfield>
    <subfield code="e">UA-GENERICO</subfield>
    <subfield code="f">10a ed.</subfield>
    <subfield code="k">CSA</subfield>
    <subfield code="l">10</subfield>
    <subfield code="o">KGF2579 O93 r2014 </subfield>
    <subfield code="p">BFD000006737</subfield>
    <subfield code="r">2026-05-26 10:01:43</subfield>
    <subfield code="s">2026-05-26</subfield>
    <subfield code="t">1</subfield>
    <subfield code="v">1.00</subfield>
    <subfield code="y">LIB</subfield>
  </datafield>
  <datafield tag="952" ind1=" " ind2=" ">
    <subfield code="1">0</subfield>
    <subfield code="2">lcc</subfield>
    <subfield code="4">0</subfield>
    <subfield code="7">0</subfield>
    <subfield code="a">UCIH</subfield>
    <subfield code="b">UCIH</subfield>
    <subfield code="c">GENERAL</subfield>
    <subfield code="d">2016-03-10</subfield>
    <subfield code="e">PROFOCIE-2014</subfield>
    <subfield code="f">10a ed.</subfield>
    <subfield code="k">CSA</subfield>
    <subfield code="o">KGF2579 O93 r2015</subfield>
    <subfield code="p">BCU000014885</subfield>
    <subfield code="r">2016-03-10 00:00:00</subfield>
    <subfield code="t">C:1</subfield>
    <subfield code="v">1.00</subfield>
    <subfield code="y">LIB</subfield>
    <subfield code="z">3a. reimpresi&#xF3;n 2015 de la 10a ed. 2013</subfield>
  </datafield>
  <datafield tag="952" ind1=" " ind2=" ">
    <subfield code="1">0</subfield>
    <subfield code="2">lcc</subfield>
    <subfield code="4">0</subfield>
    <subfield code="7">0</subfield>
    <subfield code="a">UCIH</subfield>
    <subfield code="b">UCIH</subfield>
    <subfield code="c">GENERAL</subfield>
    <subfield code="d">2016-03-10</subfield>
    <subfield code="e">PROFOCIE-2014</subfield>
    <subfield code="f">10a ed.</subfield>
    <subfield code="k">CSA</subfield>
    <subfield code="o">KGF2579 O93 r2015</subfield>
    <subfield code="p">BCU000014886</subfield>
    <subfield code="r">2016-03-10 00:00:00</subfield>
    <subfield code="t">C:2</subfield>
    <subfield code="v">1.00</subfield>
    <subfield code="y">LIB</subfield>
    <subfield code="z">3a. reimpresi&#xF3;n 2015 de la 10a ed. 2013</subfield>
  </datafield>
  <datafield tag="952" ind1=" " ind2=" ">
    <subfield code="1">0</subfield>
    <subfield code="2">lcc</subfield>
    <subfield code="4">0</subfield>
    <subfield code="7">0</subfield>
    <subfield code="a">CGED-NU</subfield>
    <subfield code="b">CGED-NU</subfield>
    <subfield code="c">GENERAL</subfield>
    <subfield code="d">2016-04-28</subfield>
    <subfield code="e">PROFOCIE-2014</subfield>
    <subfield code="f">10 ed.</subfield>
    <subfield code="k">CSA</subfield>
    <subfield code="o">KGF2579 O93 r2015</subfield>
    <subfield code="p">CGED-NU000000034</subfield>
    <subfield code="r">2016-04-28 00:00:00</subfield>
    <subfield code="t">1</subfield>
    <subfield code="y">LIB</subfield>
    <subfield code="z">3a. reimpresi&#xF3;n 2015 de la 10 ed. 2013.</subfield>
  </datafield>
  <datafield tag="952" ind1=" " ind2=" ">
    <subfield code="1">0</subfield>
    <subfield code="2">lcc</subfield>
    <subfield code="4">0</subfield>
    <subfield code="7">0</subfield>
    <subfield code="a">CGED-NCO</subfield>
    <subfield code="b">CGED-NCO</subfield>
    <subfield code="c">GENERAL</subfield>
    <subfield code="d">2016-05-13</subfield>
    <subfield code="e">PROFOCIE-2014</subfield>
    <subfield code="f">10a</subfield>
    <subfield code="k">CSA</subfield>
    <subfield code="o">KGF2579 O93 r2015</subfield>
    <subfield code="p">CGED-NCO000000056</subfield>
    <subfield code="r">2016-05-13 00:00:00</subfield>
    <subfield code="t">1</subfield>
    <subfield code="y">LIB</subfield>
  </datafield>
  <datafield tag="952" ind1=" " ind2=" ">
    <subfield code="1">0</subfield>
    <subfield code="2">lcc</subfield>
    <subfield code="4">0</subfield>
    <subfield code="7">0</subfield>
    <subfield code="a">CGED-NZ</subfield>
    <subfield code="b">CGED-NZ</subfield>
    <subfield code="c">GENERAL</subfield>
    <subfield code="d">2016-05-17</subfield>
    <subfield code="e">PROFOCIE-2014</subfield>
    <subfield code="f">10a ed.</subfield>
    <subfield code="k">CSA</subfield>
    <subfield code="o">KGF2579 O93 r2015</subfield>
    <subfield code="p">CGED-NZ000000056</subfield>
    <subfield code="r">2016-05-17 00:00:00</subfield>
    <subfield code="t">C:1</subfield>
    <subfield code="y">LIB</subfield>
  </datafield>
  <datafield tag="952" ind1=" " ind2=" ">
    <subfield code="1">0</subfield>
    <subfield code="2">lcc</subfield>
    <subfield code="4">0</subfield>
    <subfield code="7">0</subfield>
    <subfield code="a">CGED-NCH</subfield>
    <subfield code="b">CGED-NCH</subfield>
    <subfield code="c">GENERAL</subfield>
    <subfield code="d">2016-11-22</subfield>
    <subfield code="e">PROFOCIE-2014</subfield>
    <subfield code="f">10a ed.</subfield>
    <subfield code="k">CSA</subfield>
    <subfield code="o">KGF2579 O93 r2015</subfield>
    <subfield code="p">CGED-NCH000000059</subfield>
    <subfield code="r">2016-11-22 00:00:00</subfield>
    <subfield code="t">1</subfield>
    <subfield code="y">LIB</subfield>
    <subfield code="z">3a. reimpresi&#xF3;n 2015 de la 10 ed. 2013</subfield>
  </datafield>
  <datafield tag="952" ind1=" " ind2=" ">
    <subfield code="1">0</subfield>
    <subfield code="2">lcc</subfield>
    <subfield code="4">0</subfield>
    <subfield code="7">0</subfield>
    <subfield code="a">CGED-NT</subfield>
    <subfield code="b">CGED-NT</subfield>
    <subfield code="c">GENERAL</subfield>
    <subfield code="d">2016-11-22</subfield>
    <subfield code="e">PROFOCIE-2014</subfield>
    <subfield code="f">10a ed.</subfield>
    <subfield code="k">CSA</subfield>
    <subfield code="o">KGF2579 O93 r2015</subfield>
    <subfield code="p">CGED-NT000000022</subfield>
    <subfield code="r">2016-11-22 00:00:00</subfield>
    <subfield code="t">C:1</subfield>
    <subfield code="y">LIB</subfield>
  </datafield>
  <datafield tag="952" ind1=" " ind2=" ">
    <subfield code="1">0</subfield>
    <subfield code="2">lcc</subfield>
    <subfield code="4">0</subfield>
    <subfield code="7">0</subfield>
    <subfield code="a">CGED-NCU</subfield>
    <subfield code="b">CGED-NCU</subfield>
    <subfield code="c">GENERAL</subfield>
    <subfield code="d">2016-11-24</subfield>
    <subfield code="e">PROFOCIE-2014</subfield>
    <subfield code="f">10a ed.</subfield>
    <subfield code="k">CSA</subfield>
    <subfield code="o">KGF2579 O93 r2015</subfield>
    <subfield code="p">CGED-NCU000000041</subfield>
    <subfield code="r">2016-11-24 00:00:00</subfield>
    <subfield code="t">1</subfield>
    <subfield code="y">LIB</subfield>
  </datafield>
  <datafield tag="952" ind1=" " ind2=" ">
    <subfield code="1">0</subfield>
    <subfield code="2">lcc</subfield>
    <subfield code="4">0</subfield>
    <subfield code="7">0</subfield>
    <subfield code="a">CGED-NU</subfield>
    <subfield code="b">CGED-NU</subfield>
    <subfield code="c">GENERAL</subfield>
    <subfield code="d">2016-11-24</subfield>
    <subfield code="e">PROFOCIE-2014</subfield>
    <subfield code="f">10a</subfield>
    <subfield code="k">CSA</subfield>
    <subfield code="o">KGF2579 O93 r2015</subfield>
    <subfield code="p">CGED-NU000000143</subfield>
    <subfield code="r">2016-11-24 00:00:00</subfield>
    <subfield code="t">2</subfield>
    <subfield code="y">LIB</subfield>
  </datafield>
  <datafield tag="952" ind1=" " ind2=" ">
    <subfield code="1">0</subfield>
    <subfield code="2">lcc</subfield>
    <subfield code="4">0</subfield>
    <subfield code="7">0</subfield>
    <subfield code="a">CGED-NAR</subfield>
    <subfield code="b">CGED-NAR</subfield>
    <subfield code="c">GENERAL</subfield>
    <subfield code="d">2016-11-29</subfield>
    <subfield code="e">PROFOCIE-2014</subfield>
    <subfield code="f">10a</subfield>
    <subfield code="k">CSA</subfield>
    <subfield code="o">KGF2579 O93 r2015</subfield>
    <subfield code="p">CGED-NAR000000028</subfield>
    <subfield code="r">2016-11-29 00:00:00</subfield>
    <subfield code="t">1</subfield>
    <subfield code="y">LIB</subfield>
  </datafield>
  <datafield tag="952" ind1=" " ind2=" ">
    <subfield code="1">0</subfield>
    <subfield code="2">lcc</subfield>
    <subfield code="4">0</subfield>
    <subfield code="7">0</subfield>
    <subfield code="a">CGED-NZA</subfield>
    <subfield code="b">CGED-NZA</subfield>
    <subfield code="c">GENERAL</subfield>
    <subfield code="d">2016-11-29</subfield>
    <subfield code="e">PROFOCIE-2014</subfield>
    <subfield code="f">10a ed.</subfield>
    <subfield code="k">CSA</subfield>
    <subfield code="o">KGF2579 O93 r2015</subfield>
    <subfield code="p">CGED-NZA000000005</subfield>
    <subfield code="r">2016-11-29 00:00:00</subfield>
    <subfield code="t">1</subfield>
    <subfield code="y">LIB</subfield>
  </datafield>
  <datafield tag="952" ind1=" " ind2=" ">
    <subfield code="1">0</subfield>
    <subfield code="2">lcc</subfield>
    <subfield code="4">0</subfield>
    <subfield code="7">0</subfield>
    <subfield code="a">CGED-NADR</subfield>
    <subfield code="b">CGED-NADR</subfield>
    <subfield code="c">GENERAL</subfield>
    <subfield code="d">2016-11-30</subfield>
    <subfield code="e">PROFOCIE-2014</subfield>
    <subfield code="f">10a</subfield>
    <subfield code="k">CSA</subfield>
    <subfield code="o">KGF2579 O93 r2015</subfield>
    <subfield code="p">CGED-NADR000000011</subfield>
    <subfield code="r">2016-11-30 00:00:00</subfield>
    <subfield code="t">1</subfield>
    <subfield code="y">LIB</subfield>
  </datafield>
  <datafield tag="952" ind1=" " ind2=" ">
    <subfield code="1">0</subfield>
    <subfield code="2">lcc</subfield>
    <subfield code="4">0</subfield>
    <subfield code="7">0</subfield>
    <subfield code="a">CGED-NLP</subfield>
    <subfield code="b">CGED-NLP</subfield>
    <subfield code="c">GENERAL</subfield>
    <subfield code="d">2016-12-01</subfield>
    <subfield code="e">PROFOCIE-2014</subfield>
    <subfield code="f">10a ed.</subfield>
    <subfield code="k">CSA</subfield>
    <subfield code="o">KGF2579 O93 r2015</subfield>
    <subfield code="p">CGED-NLP000000058</subfield>
    <subfield code="r">2016-12-01 00:00:00</subfield>
    <subfield code="t">C:1</subfield>
    <subfield code="y">LIB</subfield>
  </datafield>
</record>
